İlk 20 Element - Statistics

General Stats
  • This quiz has been taken 2 times
  • The average score is 13 of 40
Answer Stats
Answer % Correct
Be
100%
H
100%
He
100%
Li
100%
Al
50%
Ar
50%
Argon
50%
B
50%
C
50%
Ca
50%
Cl
50%
F
50%
K
50%
Mg
50%
N
50%
Na
50%
Ne
50%
Neon
50%
O
50%
P
50%
S
50%
Si
50%
Alüminyum
0%
Azot
0%
Berilyum
0%
Bor
0%
Flor
0%
Fosfor
0%
Helyum
0%
Hidrojen
0%
Kalsiyum
0%
Karbon
0%
Klor
0%
Kükürt
0%
Lityum
0%
Magnezyum
0%
Oksijen
0%
Potasyum
0%
Silisyum
0%
Sodyum
0%
No matching quizzes found
Score Distribution
Percent of People with Each Score
Percentile by Number Answered
Your Score History
You have not taken this quiz